| 000 | 00773nam a2200277Ia 4500 | ||
|---|---|---|---|
| 003 | OSt | ||
| 005 | 20220918165358.0 | ||
| 006 | a|||||r|||| 00| 0 | ||
| 007 | ta | ||
| 008 | 220917b |||||||| |||| 00| 0 eng d | ||
| 020 | _a490002447 | ||
| 024 | _a47,295 | ||
| 037 | _cTextual | ||
| 040 |
_aARTS _cARTS _beng |
||
| 041 |
_2eng _aeng |
||
| 082 | _aO111:g(Y1:1), L2.2 | ||
| 100 |
_aDaiches David ed _924035 |
||
| 245 | 0 | _aModern world | |
| 260 |
_aLondon _bAldus Books UK _c1972 |
||
| 300 |
_a626p. _ccm. |
||
| 490 | _aLiterature and western civilization | ||
| 650 | _aENGLISH LITERATURE | ||
| 700 |
_a Thorlby Anthony ed _924036 |
||
| 942 |
_hO111:g(Y1:1), L2.2 _cTEXL _2CC |
||
| 999 |
_c129586 _d129586 |
||